000
00288nam a22001217a 4500
020
_a
978-81-264-3008-6
082
_a
923.1 AZH/AR
100
_a
Sukumar Azhikode
245
_a
Arangukaliloode Azhikkodu (Malayalam)
260
_a
Kottayam
_b
D C Books
_c
2011
300
_a
437
942
_c
BK
999
_c
299459
_d
299459